Krzyżówka obrazkowa – Herby miast Polski - Statystyki

Ogólne statystyki
  • Ten quiz został rozwiązany 227 razy
  • Średni wynik to 8 z 14
Odpowiedzi na mapie
Odpowiedzi zakodowano w zielono-czerwonej skali na mapie do tego quizu, zgodnie z poniższymi procentami.
 
Statystyki odpowiedzi
Lp. Herb Miasto % Poprawnych
11> Wrocław
90%
7 > Kraków
86%
4 > Gdynia
80%
3 > Gliwice
75%
8 > Konin
66%
12 > Elbląg
65%
13 > Gniezno
65%
5 > Zakopane
60%
2 > Sopot
55%
9 > Nysa
51%
Hasło: {Siedlce}
43%
10 > Augustów
36%
1 > Sandomierz
34%
6 > Otwock
21%
Nie znaleziono quizów pasujących do podanych kryteriów
Rozkład punktacji
Procent ludzi z każdym wynikiem
Percentyl według liczby udzielonych odpowiedzi
Twoja historia wyników
Nie rozwiązałeś tego quizu